Environmental Toxicology/ (Record no. 195150)
[ view plain ]
| 000 -LEADER | |
|---|---|
| fixed length control field | 00721nam a22002297a 4500 |
| 005 - DATE AND TIME OF LATEST TRANSACTION | |
| control field | 20230317130559.0 |
| 010 ## - LCCN (DPL NO) | |
| LC control number | ENG-136253 |
| 020 ## - INTERNATIONAL STANDARD BOOK NUMBER | |
| Terms of availability | 225.00 |
| International Standard Book Number | 9788187134313 |
| 035 ## - SYSTEM CONTROL NUMBER | |
| System control number | EN-119785 |
| 037 ## - SOURCE OF ACQUISITION | |
| Source of stock number/acquisition | DBAD/PUB |
| 082 ## - DEWEY DECIMAL CLASSIFICATION NUMBER | |
| Classification number | 363.7384 |
| 100 ## - MAIN ENTRY--PERSONAL NAME | |
| Personal name | Bhattacharya, S |
| 245 ## - TITLE STATEMENT | |
| Title | Environmental Toxicology/ |
| Statement of responsibility, etc | By S. Bhattacharaya |
| 260 ## - PUBLICATION, DISTRIBUTION, ETC. (IMPRINT) | |
| Place of publication, distribution, etc | Beliaghata |
| Name of publisher, distributor, etc | Books and Allied (p) Ltd. |
| Date of publication, distribution, etc | 2011 |
| 270 ## - ADDRESS | |
| Address | Shubham Plaza, First floor, 83/1 |
| City | kolkata |
| Postal code | 700010 |
| Telephone number | 913365353844 |
| Electronic mail address | books@cal.vsnl.net.in |
| 300 ## - PHYSICAL DESCRIPTION | |
| Extent | 222p. |
| Dimensions | 24cm(pbk) |
| Other physical details | References |
| 500 ## - GENERAL NOTE | |
| General note | Volume 1 Ancient |
| 700 ## - ADDED ENTRY--PERSONAL NAME | |
| Personal name | By Vijayakumari K. |
| 700 ## - ADDED ENTRY--PERSONAL NAME | |
| Personal name | By Mumthas N.S |
| 700 ## - ADDED ENTRY--PERSONAL NAME | |
| Personal name | By V. Sumangala |
| 942 ## - ADDED ENTRY ELEMENTS (KOHA) | |
| Source of classification or shelving scheme | Dewey Decimal Classification |
| Item type | English Books |
| Classification part | 363.7384 |
| Call number suffix | BHA |
| Withdrawn status | Lost status | Not for loan | Collection code | Home library | Current library | Date acquired | Source of acquisition | Cost, normal purchase price | Full call number | Barcode | Copy number | Cost, replacement price | Koha item type |
|---|---|---|---|---|---|---|---|---|---|---|---|---|---|
| Non-fiction | Katevara | Katevara | 23/02/2023 | DBAD/PUB | 225.00 | 363.7384 BHA | EN-119785 | 1 | 225.00 | English Books |
